Statystyki dla Polskie miasta po nietypowych budynkach

Kliknij tutaj aby rozwiązać quiz!

Ogólne statystyki

  • Ten quiz został rozwiązany 124 razy
  • Średni wynik to 13 z 16

Statystyki odpowiedzi

Odpowiedź% Poprawnych
Warszawa
97%
Wrocław
95%
Gdańsk
91%
Kraków
88%
Szczecin
86%
Gdynia
85%
Poznań
85%
Łodź
84%
Katowice
80%
Bydgoszcz
78%
Sopot
77%
Lublin
76%
Białystok
75%
Toruń
75%
Rzeszów
72%
Gorzów Wielkopolski
50%

Rozkład punktacji

Percentyl według liczby udzielonych odpowiedzi

Procent ludzi z każdym wynikiem

Twoja historia wyników

Nie rozwiązałeś tego quizu